| 000 | 00829cab a22002055a 4500 | ||
|---|---|---|---|
| 001 | L148978 | ||
| 008 | 091209e20091107xxka f g 000 0 eng d | ||
| 035 | _a(Sirsi) u148978 | ||
| 041 | 0 | _aeng | |
| 100 | 1 | _aDarby, Nick | |
| 245 | 0 | 0 | _aBalance and transparency are key |
| 260 | _c2009 | ||
| 490 |
_aEstates Gazette _v(0944) 7 November 2009, 202-203(2) |
||
| 520 | _aPresents the Carbon Reduction Commitment (CRC). Suggests that the lack of co-ordinated action by the government could undermine the CRC scheme. Explains that clear guidance and a balanced approach encouraging co-operation and minimising conflicts is needed. | ||
| 590 | _aKA | ||
| 650 | 2 | 4 | _aCARBON REDUCTION COMMITMENT |
| 651 | 4 |
_aEngland and Wales _y1543- |
|
| 690 | _aENVIRONMENTAL AND LAND CONSULTANCY-ENERGY-ENERGY USE-ENERGY EFFICIENCY | ||
| 942 | _n0 | ||
| 999 |
_c82021 _d82021 |
||